Formule 1 - Quiz écurie : Williams - Statistiques

Statistiques générales
  • Ce quiz a été pris 101 fois
  • Le résultat moyen est 48 sur 113
Statistiques - réponses
Hint Réponse % Correct
Histoire Fondateurs Frank Williams
95%
Tous les pilotes Depuis 2022 Alexander Albon
88%
Champion du monde constructeur Nombre de titres 9
86%
Tous les pilotes Depuis 2025 Carlos Sainz Jr
86%
Champion du monde constructeur 5e titre (année) 1992
84%
Champion du monde pilote 4e titre (année) 1992
84%
Champion du monde constructeur 9e titre (année) 1997
84%
Champion du monde pilote 7e titre (année) 1997
84%
Histoire Couleur Bleu
84%
Champion du monde constructeur 1er titre (année) 1980
82%
Champion du monde pilote 1er titre (année) 1980
82%
Champion du monde constructeur 2e titre (année) 1981
82%
Champion du monde pilote 2e titre (année) 1982
82%
Champion du monde constructeur 3e titre (année) 1986
82%
Champion du monde constructeur 4e titre (année) 1987
82%
Champion du monde pilote 3e titre (année) 1987
82%
Champion du monde constructeur 6e titre (année) 1993
82%
Champion du monde pilote 5e titre (année) 1993
82%
Champion du monde constructeur 7e titre (année) 1994
82%
Champion du monde constructeur 8e titre (année) 1996
82%
Champion du monde pilote 6e titre (année) 1996
82%
Champion du monde pilote Nombre de titres 7
82%
Histoire Pays d'origine Royaume-Uni
82%
Champion du monde pilote 5e titre (pilote) Alain Prost
79%
Tous les pilotes 1993 Alain Prost
79%
Champion du monde pilote 7e titre (pilote) Jacques Villeneuve
78%
Tous les pilotes 1996-1998 Jacques Villeneuve
78%
Tous les pilotes 1994 Ayrton Senna
77%
Tous les pilotes 2012 Bruno Senna
77%
Champion du monde pilote 4e titre (pilote) Nigel Mansell
77%
Tous les pilotes 1985-1987, 1991-1992 & 1994 Nigel Mansell
77%
Champion du monde pilote 6e titre (pilote) Damon Hill
75%
Tous les pilotes 1993-1996 Damon Hill
75%
Histoire Date de fondation 1977
74%
Histoire Première année de F1 1978
74%
Tous les pilotes 2023-2024 Logan Sargeant
71%
Tous les pilotes 2019-2021 George Russell
68%
Tous les pilotes 2024 Franco Colapinto
67%
Tous les pilotes 2020-2022 Nicholas Latifi
67%
Champion du monde pilote 3e titre (pilote) Nelson Piquet
64%
Tous les pilotes 1986-1987 Nelson Piquet
64%
Histoire Nom Complet (aujourd'hui) Williams Racing
63%
Tous les pilotes 2013-2016 Valtteri Bottas
62%
Champion du monde pilote 2e titre (pilote) Keke Rosberg
59%
Tous les pilotes 1982-1985 Keke Rosberg
59%
Tous les pilotes 2006-2009 Nico Rosberg
59%
Champion du monde pilote 1er titre (pilote) Alan Jones
56%
Tous les pilotes 1978-1981 Alan Jones
56%
Tous les pilotes 2019 Robert Kubica
55%
Tous les pilotes 2014-2017 Felipe Massa
52%
Tous les pilotes 1999-2004 Ralf Schumacher
52%
Tous les pilotes 2017-2018 Lance Stroll
48%
Tous les pilotes 2022 Nyck de Vries
44%
Tous les pilotes 2001-2004 Juan Pablo Montoya
42%
Tous les pilotes 2010 Nico Hülkenberg
41%
Tous les pilotes 2011-2013 Pastor Maldonado
40%
Tous les pilotes 2018 Sergey Sirotkin
40%
Tous les pilotes 2000 Jenson Button
37%
Tous les pilotes 1994-1995 David Coulthard
36%
Tous les pilotes 2020 Jack Aitken
36%
Tous les pilotes 2005-2006 Mark Webber
36%
Tous les pilotes 2010 Rubens Barrichello
34%
Histoire Directeur James Vowles
33%
Tous les pilotes 1997-1998 Heinz-Harald Frentzen
27%
Tous les pilotes 2017 Paul di Resta
26%
Tous les pilotes 2007-2009 Kazuki Nakajima
25%
Tous les pilotes 2007 Alexander Wurz
23%
Histoire Fondateurs Patrick Head
23%
Tous les pilotes 1987-1992 Riccardo Patrese
23%
Tous les pilotes 1989-1990 Thierry Boutsen
23%
Tous les pilotes 1982 Mario Andretti
22%
Tous les pilotes 1980-1982 Carlos Reutemann
21%
Tous les pilotes 2004-2005 Antônio Pizzonia
19%
Tous les pilotes 1999 Alessandro Zanardi
18%
Tous les pilotes 1979 Clay Regazzoni
16%
Tous les pilotes 1973 & 1976 Jacky Ickx
16%
Tous les pilotes 2003-2004 Marc Gené
16%
Tous les pilotes 1974 Jean-Pierre Jabouille
11%
Tous les pilotes 1975 Ian Scheckter
11%
Tous les pilotes 1983 Jonathan Palmer
11%
Tous les pilotes 1982 Derek Daly
10%
Tous les pilotes 1976 Chris Amon
8%
Tous les pilotes 1971-1973 Henri Pescarolo
8%
Tous les pilotes 1988 Jean-Louis Schlesser
8%
Tous les pilotes 1988 Martin Brundle
8%
Tous les pilotes 1969-1970 Piers Courage
8%
Tous les pilotes 1974 & 1976 Arturo Merzario
7%
Tous les pilotes 1974-1976 & 1983-1984 Jacques Laffite
7%
Histoire Président Matthew Savage
7%
Tous les pilotes 1971 Max Jean
7%
Tous les pilotes 1975 Damien Magee
5%
Tous les pilotes 1971 José Carlos Pace
5%
Tous les pilotes 1976 Michel Leclère
5%
Tous les pilotes 1975-1976 Renzo Zorzi
5%
Tous les pilotes 1976 Warwick Brown
5%
Tous les pilotes 1970 Brian Redman
4%
Tous les pilotes 1976 Hans Binder
4%
Tous les pilotes 1976 Emilio Zapico
4%
Tous les pilotes 1975 François Migault
4%
Tous les pilotes 1973 Howden Ganley
4%
Tous les pilotes 1973 Jackie Pretorius
4%
Tous les pilotes 1975 Jo Vonlanthen
4%
Tous les pilotes 1976 Lella Lombardi
4%
Tous les pilotes 1975-1976 Loris Kessel
4%
Tous les pilotes 1977 Patrick Nève
4%
Tous les pilotes 1973-1974 & 1976 Tom Belsø
4%
Tous les pilotes 1975 Tony Brise
4%
Tous les pilotes 1973-1974 Gijs van Lennep
3%
Tous les pilotes 1973 Graham McRae
3%
Tous les pilotes 1975 Ian Ashley
3%
Tous les pilotes 1973 Nanni Galli
3%
Tous les pilotes 1974 Richard Robarts
3%
Tous les pilotes 1970-1973 Tim Schenken
3%
Aucun quiz correspondant
Distribution des résultats
% des personnes avec chaque résultat
Percentile par nombre de réponses
Votre historique - résultats
Vous n’avez pas pris ce quiz